[Event "ROM-ch (Women)"]
[Site "Eforie Nord"]
[Date "2022.02.24"]
[Round "6"]
[White "Anghel, Maria"]
[Black "Petculescu, Diana Silvana"]
[Result "1-0"]
[WhiteElo "1834"]
[BlackElo "1402"]
[PlyCount "67"]
[EventDate "2022.02.20"]
[EventType "swiss"]
[EventRounds "9"]
[EventCountry "ROU"]
[SourceTitle "CBM 207 Extra"]
[Source "ChessBase"]
[SourceDate "2022.05.31"]
[SourceVersion "1"]
[SourceVersionDate "2022.05.31"]
[SourceQuality "1"]

1. c4 Nf6 2. Nc3 e6 3. e4 d6 4. d4 Be7 5. Nf3 Nbd7 6. Bd3 0-0 7. 0-0 a5 8. e5 dxe5 9. dxe5 Ne8 10. Qe2 Nc5 11. Rd1 Bd7 12. Be3 Nxd3 13. Qxd3 Bc6 14. Qxd8 Rxd8 15. Rxd8 Bxd8 16. Bc5 Bxf3 17. gxf3 Bg5 18. Bxf8 Kxf8 19. Ne2 Ke7 20. Rd1 g6 21. f4 Bh6 22. Kg2 Ng7 23. Kf3 Nf5 24. Nd4 Ng7 25. b3 Nh5 26. Ne2 Bf8 27. Ng3 Ng7 28. Ne4 Nh5 29. h4 h6 30. Nc5 b6 31. Nd7 Bg7 32. Nb8 g5 33. Nc6+ Ke8 34. Rd8# 1-0

[Event "ROM-chT (Women)"]
[Site "Mamaia"]
[Date "2021.10.02"]
[Round "1.3"]
[White "Anghel, Maria"]
[Black "Aciu, Malina Andreea"]
[Result "1/2-1/2"]
[WhiteElo "1814"]
[BlackElo "2010"]
[PlyCount "69"]
[EventDate "2021.10.02"]
[EventType "team-tourn"]
[EventRounds "10"]
[EventCountry "ROU"]
[SourceTitle "CBM 204 Extra"]
[Source "ChessBase"]
[SourceDate "2021.11.30"]
[SourceVersion "1"]
[SourceVersionDate "2021.11.30"]
[SourceQuality "1"]
[WhiteTeam "Bucharest Dinamo (W)"]
[BlackTeam "Timisoara Medicina (W)"]
[WhiteTeamCountry "ROU"]
[BlackTeamCountry "ROU"]

1. d4 d5 2. c4 e6 3. Nf3 Nf6 4. Nc3 Be7 5. cxd5 exd5 6. Bf4 0-0 7. e3 a6 8. Bd3 Bg4 9. Qc2 Nbd7 10. Ne5 Be6 11. h3 g6 12. Bh6 Re8 13. f4 Bb4 14. 0-0 Nxe5 15. dxe5 Bxc3 16. bxc3 Ne4 17. Bxe4 dxe4 18. Qxe4 Qd5 19. Qxd5 Bxd5 20. Bg5 Kf8 21. Rfd1 Bc6 22. c4 Ba4 23. Rd4 c5 24. Rd5 Rac8 25. Rc1 Re6 26. Rb1 b6 27. Rb2 Bc6 28. Rd1 Be4 29. Bf6 Rb8 30. Rd6 Rxd6 31. exd6 Ke8 32. Rd2 Kd7 33. g4 Re8 34. Be7 Rb8 35. g5 1/2-1/2

[Event "ROM-ch (Women)"]
[Site "Iasi"]
[Date "2021.04.24"]
[Round "8"]
[White "Sandu, Mihaela"]
[Black "Anghel, Maria"]
[Result "1-0"]
[WhiteElo "2268"]
[BlackElo "1918"]
[PlyCount "61"]
[EventDate "2021.04.19"]
[EventType "swiss"]
[EventRounds "9"]
[EventCountry "ROU"]
[SourceTitle "CBM 202 Extra"]
[Source "ChessBase"]
[SourceDate "2021.07.31"]
[SourceVersion "1"]
[SourceVersionDate "2021.07.31"]
[SourceQuality "1"]

1. e4 c6 2. d4 d5 3. e5 Bf5 4. Nf3 e6 5. Be2 Nd7 6. 0-0 Ne7 7. Nbd2 c5 8. c4 Qc7 9. dxc5 Nc6 10. cxd5 exd5 11. Nb3 Be6 12. Nfd4 Nxc5 13. Nxe6 fxe6 14. Bh5+ g6 15. Bg4 Qf7 16. Nd4 h5 17. Bh3 Be7 18. Nxc6 bxc6 19. Be3 Nd7 20. Qa4 Nb8 21. Qb3 Nd7 22. Qb7 Rd8 23. Qxc6 Kf8 24. f4 Kg7 25. Bxa7 Nb8 26. Bxb8 Rxb8 27. Bxe6 Qe8 28. Qxd5 Rxb2 29. Rab1 Rxb1 30. Rxb1 Qd8 31. Rb7 1-0

[Event "ROM-ch (Women)"]
[Site "Iasi"]
[Date "2021.04.20"]
[Round "3"]
[White "Cosman, Andreea Marioara"]
[Black "Anghel, Maria"]
[Result "1-0"]
[WhiteElo "2164"]
[BlackElo "1918"]
[PlyCount "87"]
[EventDate "2021.04.19"]
[EventType "swiss"]
[EventRounds "9"]
[EventCountry "ROU"]
[SourceTitle "CBM 202 Extra"]
[Source "ChessBase"]
[SourceDate "2021.07.31"]
[SourceVersion "1"]
[SourceVersionDate "2021.07.31"]
[SourceQuality "1"]

1. d4 d5 2. c4 dxc4 3. Nf3 Nf6 4. e3 a6 5. Bxc4 e6 6. 0-0 c5 7. b3 cxd4 8. Nxd4 Bd6 9. Be2 e5 10. Nf3 0-0 11. Ba3 Bxa3 12. Nxa3 Qe7 13. Nc4 Rd8 14. Qc2 Nc6 15. Rfd1 Bg4 16. h3 Bh5 17. Qb2 Bxf3 18. Bxf3 e4 19. Be2 b5 20. Na3 Nb4 21. Nc2 Nxc2 22. Qxc2 Rac8 23. Rxd8+ Qxd8 24. Rd1 Qe8 25. Qd2 h6 26. Qa5 Qc6 27. a4 Rb8 28. axb5 axb5 29. Rd8+ Rxd8 30. Qxd8+ Kh7 31. Qb8 Qc1+ 32. Bf1 Nd5 33. Qxb5 Nc3 34. Qc4 f5 35. b4 Qd2 36. b5 Nd1 37. Qe2 Qd6 38. b6 Nc3 39. Qc4 Nd5 40. b7 Qd8 41. Qxd5 Qxd5 42. b8Q Qd1 43. Qe5 Qd7 44. Bc4 1-0

[Event "Balkan-ch U16 Girls"]
[Site "Tornelo INT"]
[Date "2020.11.01"]
[Round "7"]
[White "Popovic, Mateja"]
[Black "Anghel, Maria"]
[Result "0-1"]
[WhiteElo "1610"]
[BlackElo "1725"]
[PlyCount "46"]
[EventDate "2020.10.31"]
[EventType "swiss"]
[EventRounds "7"]
[EventCountry "NET"]
[SourceTitle "EXT 2023"]
[Source "ChessBase"]
[SourceDate "2022.10.05"]
[SourceVersion "1"]
[SourceVersionDate "2022.10.05"]
[SourceQuality "1"]

1. d4 d5 2. c4 dxc4 3. e4 Nf6 4. Nc3 e5 5. dxe5 Qxd1+ 6. Kxd1 Ng4 7. Ke1 Bc5 8. Nh3 Nxe5 9. Bf4 Nbc6 10. Nd5 Bd6 11. Bxe5 Bxe5 12. Rb1 Bxh3 13. gxh3 0-0-0 14. f4 Bd4 15. Bxc4 Rhe8 16. e5 f6 17. Ke2 fxe5 18. Kf3 exf4 19. Nxf4 Ne5+ 20. Kg3 Nxc4 21. Rhd1 Be5 22. Rxd8+ Rxd8 23. b3 g5 0-1

[Event "Braila Albulet Memorial (Women) 12th"]
[Site "Braila"]
[Date "2019.10.09"]
[Round "9"]
[White "Anghel, Maria"]
[Black "Cosma, Elena Luminita"]
[Result "0-1"]
[WhiteElo "1743"]
[BlackElo "2313"]
[PlyCount "144"]
[EventDate "2019.10.02"]
[EventType "swiss"]
[EventRounds "9"]
[EventCountry "ROU"]
[SourceTitle "EXT 2020"]
[Source "ChessBase"]
[SourceDate "2019.10.17"]
[SourceVersion "1"]
[SourceVersionDate "2019.10.17"]
[SourceQuality "1"]

1. d4 d5 2. c4 e6 3. Nc3 Nf6 4. cxd5 exd5 5. Bg5 c6 6. Nf3 Be7 7. e3 Qb6 8. Rb1 Na6 9. a3 Bf5 10. Bd3 Bxd3 11. Qxd3 Nc7 12. 0-0 Ne6 13. Bh4 a5 14. Na4 Qd8 15. Qc2 Ne4 16. Bxe7 Qxe7 17. b4 axb4 18. axb4 Nd6 19. Nc5 0-0 20. Ne5 Nc7 21. Ra1 Ncb5 22. h3 Rfd8 23. Ra2 f6 24. Ned3 Rf8 25. Rfa1 Rae8 26. Re1 Qf7 27. Rc1 g5 28. Qd1 Qg6 29. g3 Rf7 30. Ne1 Rfe7 31. Kh2 Kg7 32. Qd3 Nf5 33. Raa1 h5 34. Ng2 Nbd6 35. Rc2 Qf7 36. Rca2 Qg8 37. Ra7 Rb8 38. Qd1 Nb5 39. R7a5 b6 40. Rxb5 cxb5 41. Nd3 Qf7 42. Qb3 Rc7 43. Ra6 Rc4 44. Qa2 Rc3 45. Nge1 h4 46. g4 Nd6 47. Ra7 Rb7 48. Ra8 Ne4 49. Qb2 Ra7 50. Rxa7 Qxa7 51. Kg2 Rc4 52. Nc2 Qa4 53. Nce1 Rc7 54. Qe2 Qb3 55. Qf3 Nd6 56. Kh2 Rc3 57. Qe2 Qc4 58. Kg2 Rb3 59. Qd1 Ra3 60. Qe2 Ne4 61. Qd1 Ra2 62. Qf3 Qc6 63. Kg1 Qc8 64. Kg2 Rd2 65. Kg1 Qe6 66. Kg2 Nd6 67. Kg1 Qe4 68. Qg2 Rxd3 69. Nxd3 Qxd3 70. Qxd5 Qb1+ 71. Kh2 Qxb4 72. Qe6 Nf7 0-1

[Event "Braila Albulet Memorial (Women) 12th"]
[Site "Braila"]
[Date "2019.10.05"]
[Round "5"]
[White "Makropoulou, Marina"]
[Black "Anghel, Maria"]
[Result "1-0"]
[WhiteElo "2201"]
[BlackElo "1743"]
[PlyCount "67"]
[EventDate "2019.10.02"]
[EventType "swiss"]
[EventRounds "9"]
[EventCountry "ROU"]
[SourceTitle "EXT 2020"]
[Source "ChessBase"]
[SourceDate "2019.10.17"]
[SourceVersion "1"]
[SourceVersionDate "2019.10.17"]
[SourceQuality "1"]

1. e4 c5 2. Nf3 e6 3. d4 cxd4 4. Nxd4 a6 5. Bd3 Nf6 6. 0-0 d6 7. c4 g6 8. Nc3 Bg7 9. Bg5 Qc7 10. Rc1 0-0 11. Qd2 Re8 12. Bh6 Bh8 13. Be2 Nc6 14. Nxc6 bxc6 15. Rfd1 Rd8 16. e5 Ne8 17. Bf4 d5 18. Qe3 Qb7 19. b3 Bd7 20. Na4 Rab8 21. Nc5 Qb6 22. cxd5 cxd5 23. Nxa6 Qxe3 24. Bxe3 Ra8 25. f4 Bc8 26. Nb4 Bb7 27. a4 h5 28. Bb6 Rdc8 29. a5 Rxc1 30. Rxc1 Rb8 31. Nc6 Ra8 32. b4 Bg7 33. Nd8 Bc8 34. Bb5 1-0

[Event "Braila Albulet Memorial (Women) 12th"]
[Site "Braila"]
[Date "2019.10.02"]
[Round "1"]
[White "Anghel, Maria"]
[Black "Rakhmangulova, Anastasiya"]
[Result "0-1"]
[WhiteElo "1743"]
[BlackElo "2186"]
[PlyCount "60"]
[EventDate "2019.10.02"]
[EventType "swiss"]
[EventRounds "9"]
[EventCountry "ROU"]
[SourceTitle "EXT 2020"]
[Source "ChessBase"]
[SourceDate "2019.10.17"]
[SourceVersion "1"]
[SourceVersionDate "2019.10.17"]
[SourceQuality "1"]

1. d4 d5 2. Nf3 Nf6 3. c4 dxc4 4. e3 Bg4 5. Bxc4 e6 6. h3 Bh5 7. Nc3 c6 8. 0-0 Be7 9. Qe2 Nbd7 10. Rd1 Qc7 11. e4 0-0 12. Bg5 b5 13. Bb3 b4 14. Na4 e5 15. Qe3 Rfe8 16. d5 cxd5 17. Bxd5 Bxf3 18. gxf3 Nxd5 19. Rxd5 Bxg5 20. Qxg5 Nf6 21. Rdd1 Qe7 22. Kh2 h6 23. Qh4 Rac8 24. Rac1 Red8 25. Rxc8 Rxc8 26. Rd2 Qc7 27. Qg3 Nh5 28. Qg1 Nf4 29. Qd1 Qe7 30. b3 Qe6 0-1

[Event "Wch U14 Girls"]
[Site "Porto Carras"]
[Date "2018.10.26"]
[Round "7"]
[White "Anghel, Maria"]
[Black "Nguyen, Thien Ngan"]
[Result "0-1"]
[WhiteElo "1801"]
[BlackElo "1888"]
[PlyCount "126"]
[EventDate "2018.10.20"]
[EventType "swiss"]
[EventRounds "11"]
[EventCountry "GRE"]
[SourceTitle "CBM 187 Extra"]
[Source "ChessBase"]
[SourceDate "2018.11.04"]
[SourceVersion "1"]
[SourceVersionDate "2018.11.04"]
[SourceQuality "1"]

1. d4 d5 2. c4 e6 3. Nf3 c5 4. cxd5 exd5 5. g3 Nc6 6. Bg2 Nf6 7. 0-0 Be7 8. dxc5 Bxc5 9. Nc3 0-0 10. a3 a5 11. Bg5 d4 12. Nb5 h6 13. Bxf6 Qxf6 14. Rc1 Bb6 15. Nd2 d3 16. exd3 Qxb2 17. Rb1 Qf6 18. Ne4 Qd8 19. Nbd6 Rb8 20. Nxc8 Rxc8 21. Qb3 Ba7 22. Qxb7 Bd4 23. Rfc1 Ne5 24. Qb5 Rb8 25. Qa4 Rb6 26. Qc2 Rc6 27. Qd2 Rxc1+ 28. Rxc1 Qb6 29. h3 f5 30. Nc3 Bxf2+ 31. Kh2 Kh8 32. Rf1 Bd4 33. Nd5 Qc5 34. Nf4 Qxa3 35. Ne6 Bc3 36. Qf4 Rf6 37. Nd4 Nxd3 38. Qe3 Qc5 39. Qxd3 Qxd4 40. Qb5 Qe5 41. Qc4 Bb4 42. Rd1 Bd6 43. Rd3 f4 44. Qc8+ Rf8 45. Qc3 fxg3+ 46. Kh1 Qxc3 47. Rxc3 a4 48. Rd3 Rf6 49. Rd2 a3 50. Bd5 h5 51. Kg2 Kh7 52. Be4+ Kh6 53. Bd5 Kg5 54. Bf3 g6 55. Rd5+ Kf4 56. Rd2 Ke3 57. Re2+ Kd4 58. Rd2+ Kc3 59. Ra2 Bc5 60. Kxg3 Kb4 61. Re2 Rd6 62. Re4+ Kb3 63. Re2 a2 0-1

[Event "Wch U14 Girls"]
[Site "Porto Carras"]
[Date "2018.10.23"]
[Round "5"]
[White "Anghel, Maria"]
[Black "Hrebenshchykova, Yelyzaveta"]
[Result "0-1"]
[WhiteElo "1801"]
[BlackElo "1968"]
[PlyCount "132"]
[EventDate "2018.10.20"]
[EventType "swiss"]
[EventRounds "11"]
[EventCountry "GRE"]
[SourceTitle "CBM 187 Extra"]
[Source "ChessBase"]
[SourceDate "2018.11.04"]
[SourceVersion "1"]
[SourceVersionDate "2018.11.04"]
[SourceQuality "1"]

1. d4 Nf6 2. Nf3 g6 3. c4 Bg7 4. g3 0-0 5. Bg2 d6 6. 0-0 c6 7. Nc3 Qb6 8. e4 Bg4 9. h3 Bxf3 10. Bxf3 Nfd7 11. Be3 Qxb2 12. Qd3 Qb6 13. Rab1 Qc7 14. Bg2 Na6 15. f4 f5 16. e5 dxe5 17. fxe5 e6 18. Ne2 Rab8 19. Nf4 Rfe8 20. g4 fxg4 21. hxg4 Nf8 22. Rbe1 Qd7 23. Be4 Rbd8 24. Qe2 Nc7 25. Nh3 c5 26. dxc5 Bxe5 27. Rd1 Qg7 28. Ng5 Bf6 29. Nf3 Na6 30. g5 Bc3 31. Rc1 Bb4 32. Qf2 Nd7 33. c6 bxc6 34. Bxc6 Rf8 35. Bd4 e5 36. Bd5+ Kh8 37. Nxe5 Rxf2 38. Nxg6+ hxg6 39. Bxg7+ Kxg7 40. Kxf2 Ne5 41. Kg2 Nc5 42. a3 Bd2 43. Rb1 Bxg5 44. Rb5 Be7 45. Re1 Kf6 46. Rf1+ Kg5 47. Re1 Ncd3 48. Re3 Bf6 49. Kg3 Kh6 50. Rb7 Bg5 51. Re2 Bf4+ 52. Kg2 a6 53. Rb6 Nc5 54. Reb2 Kg5 55. Rb1 Re8 56. Rb8 Re7 57. R8b6 Ng4 58. R6b2 Nd3 59. Ra2 Rh7 60. Rh1 Ne3+ 61. Kg1 Re7 62. Bg2 Nc1 63. Ra1 Nc2 64. Rb1 Re1+ 65. Kf2 Nd3+ 66. Kf3 Nd4# 0-1

[Event "ROM-ch U14 Girls"]
[Site "Calimanesti"]
[Date "2018.03.30"]
[Round "5"]
[White "Matasaru, Stephanie"]
[Black "Anghel, Maria"]
[Result "0-1"]
[WhiteElo "1668"]
[BlackElo "1676"]
[PlyCount "82"]
[EventDate "2018.03.27"]
[EventType "swiss"]
[EventRounds "9"]
[EventCountry "ROU"]
[SourceTitle "EXT 2019"]
[Source "ChessBase"]
[SourceDate "2018.10.10"]
[SourceVersion "1"]
[SourceVersionDate "2018.10.10"]
[SourceQuality "1"]

1. e4 c6 2. d4 d5 3. e5 c5 4. dxc5 Nc6 5. Nf3 Bg4 6. Be2 e6 7. Bf4 Bxc5 8. 0-0 Nge7 9. Nc3 Bxf3 10. Bxf3 Ng6 11. Bg3 Ncxe5 12. Bxe5 Nxe5 13. Re1 Nxf3+ 14. Qxf3 0-0 15. Ne2 Qf6 16. Qxf6 gxf6 17. Nf4 Rac8 18. Nh5 f5 19. Rad1 b5 20. Rd3 Bd6 21. c3 a5 22. Ree3 h6 23. Rh3 f6 24. f4 Kf7 25. Rh4 Rg8 26. Rg3 Rxg3 27. Nxg3 Kg6 28. Ne2 Rc4 29. b3 Re4 30. Kf1 Bc5 31. Rh3 Re3 32. Rxe3 Bxe3 33. g3 e5 34. a3 Bc5 35. b4 axb4 36. axb4 Be3 37. Ke1 Kf7 38. Kd1 Ke6 39. Kc2 h5 40. h4 d4 41. Kd3 e4+ 0-1